| 000 | 00790nam a2200265Ia 4500 | ||
|---|---|---|---|
| 003 | OSt | ||
| 005 | 20220926015033.0 | ||
| 006 | a|||||r|||| 00| 0 | ||
| 007 | ta | ||
| 008 | 220923b |||||||| |||| 00| 0 eng d | ||
| 037 | _cGeneral Book | ||
| 040 |
_aRTL _cRTL _beng |
||
| 041 |
_2eng _aeng |
||
| 082 | _aX9:89V.73.N5, J8 | ||
| 110 | _aNational Industrial Conference Board (New York) | ||
| 245 | 0 | _aInventory management in industry | |
| 260 |
_aNew York _bNICB USA _c1958 |
||
| 300 |
_a102p. _ccm. |
||
| 490 | _aIts, Studies in Business Policy, 88 | ||
| 500 | _aConference Board Reports | ||
| 650 | _aQuality Control | ||
| 700 | _aNational Industrial Conference Board (New York) | ||
| 942 |
_hX9:89V.73.N5, J8 _cGB _2CC |
||
| 999 |
_c630462 _d630462 |
||